| Поле | Инд. | ПП | Название | Значение |
|---|---|---|---|---|
| Тип записи | a | |||
| Библиографический уровень | m | |||
| 001 | Контрольный номер | ce1ee41732dd433d95d72cccb8d5ff98 | ||
| 005 | Дата корректировки | 20250902150433.5 | ||
| 020 | a | ISBN | 978-5-17-173173-1 | |
| c | Цена, тираж | 1196-00 | ||
| 084 | a | Индекс другой классификации/Индекс ББК | 84(2=411.2)6 | |
| 090 | a | Полочн. индекс | 84(2=411.2)6 | |
| c | Каталожный индекс | 84(2=411.2)6 | ||
| x | Авторский знак | Я 90 | ||
| 091 | i | Возрастная адресация (DOS) | 18+ | |
| 097 | b | Оператор | Кондратьева; Максимова | |
| 100 | 1_ | a | Автор | Яхина Г. Ш. |
| q | Полное имя | Яхина Гузель Шамилевна | ||
| 245 | 10 | a | Заглавие | Эйзен |
| b | Продолж. заглавия | роман-буфф : [18+] | ||
| 260 | a | Место издания | Москва | |
| b | Издательство | АСТ : Редакция Елены Шубиной | ||
| c | Дата издания | 2025 | ||
| 300 | a | Объем | 544 с. | |
| 440 | _0 | a | Серия | Проза Гузель Яхиной |
| 500 | a | Примечание | Содержит нецензурную брань | |
| 900 | a | Имя макрообъекта | о15708421 | |
| 901 | t | Тип документа | m |